Every Kanye West Song (2026 Updated) - Statistics

General Stats
  • This quiz has been taken 10 times
  • The average score is 115 of 281
Answer Stats
Album Track # Answer % Correct
My Beautiful Dark Twisted Fantasy 5 All Of The Lights
100%
Donda 16 Donda
100%
Graduation 9 Flashing Lights
100%
808s & Heartbreak 3 Heartless
100%
JESUS IS KING 4 Closed On Sunday
88%
BULLY 3 Father
88%
The Life Of Pablo 2 Father Stretch My Hands
88%
ye 6 Ghost Town
88%
Late Registration 16 Hey Mama
88%
Watch The Throne 4 Otis
88%
My Beautiful Dark Twisted Fantasy 9 Runaway
88%
The College Dropout 6 Spaceship
88%
The College Dropout 4 All Falls Down
75%
BULLY 4 All The Love
75%
Graduation 7 Barry Bonds
75%
Yeezus 2 Black Skinhead
75%
Yeezus 10 Bound 2
75%
BULLY 9 Bully
75%
Graduation 6 Cant Tell Me Nothing
75%
My Beautiful Dark Twisted Fantasy 1 Dark Fantasy
75%
My Beautiful Dark Twisted Fantasy 8 Devil In A New Dress
75%
G.O.O.D Music Fridays 4 Devil In A New Dress
75%
Late Registration 13 Diamonds From Sierra Leone
75%
Vultures 12 Carnival
75%
Vultures 22 King
75%
Graduation 8 Drunk And Hot Girls
75%
Late Registration 4 Gold Digger
75%
Graduation 1 Good Morning
75%
Graduation 14 Good Night
75%
Yeezus 5 Hold My Liquor
75%
Graduation 12 Homecoming
75%
Graduation 4 I Wonder
75%
The College Dropout 7 Jesus Walks
75%
KIDS SEE GHOSTS 6 Kids See Ghosts
75%
BULLY 1 King
75%
My Beautiful Dark Twisted Fantasy 6 Monster
75%
G.O.O.D Music Fridays 2 Monster
75%
Yeezus 4 New Slaves
75%
Watch The Throne 3 Niggas In Paris
75%
Watch The Throne 1 No Church In The Wild
75%
Yeezus 1 On Sight
75%
808s & Heartbreak 6 Paranoid
75%
The Life Of Pablo 3 Pt. 2
75%
808s & Heartbreak 7 RoboCop
75%
Late Registration 9 Roses
75%
The Life Of Pablo 20 Saint Pablo
75%
Graduation 3 Stronger
75%
The College Dropout 19 Through The Wire
75%
Late Registration 3 Touch The Sky
75%
The Life Of Pablo 1 Ultralight Beam
75%
The College Dropout 2 We Don't Care
75%
Late Registration 14 We Major
75%
ye 2 Yikes
75%
ye 3 All Mine
63%
Graduation 13 Big Brother
63%
Yeezus 7 Blood On The Leaves
63%
BULLY 13 Circles
63%
Cruel Summer 6 Cold
63%
Vultures 14 Burn
63%
808s & Heartbreak 12 Pinocchio Story
63%
Late Registration 6 Drive Slow
63%
Graduation 10 Everything I Am
63%
The College Dropout 20 Family Business
63%
The Life Of Pablo 4 Famous
63%
JESUS IS KING 3 Follow God
63%
Graduation 5 Good Life
63%
My Beautiful Dark Twisted Fantasy 2 Gorgeous
63%
Late Registration 2 Heard Em Say
63%
JESUS IS KING 11 Jesus Is Lord
63%
Donda 18 Life Of The Party
63%
BULLY 7 Mamas Favorite
63%
The Life Of Pablo 17 No More Parties In LA
63%
Donda 4 Off The Grid
63%
My Beautiful Dark Twisted Fantasy 3 Power
63%
G.O.O.D Music Fridays 1 Power
63%
Donda 6 Praise God
63%
BULLY 14 Preacher Man
63%
BULLY 8 Sisters And Brothers
63%
The College Dropout 12 Slow Jamz
63%
Graduation 11 The Glory
63%
The College Dropout 11 The New Workout Plan
63%
The College Dropout 18 Two Words
63%
ye 7 Violent Crimes
63%
808s & Heartbreak 2 Welcome To Heartbreak
63%
The Life Of Pablo 13 Wolves
63%
My Beautiful Dark Twisted Fantasy 4 All Of The Lights Interlude
50%
Graduation 15 Bittersweet Poetry
50%
My Beautiful Dark Twisted Fantasy 11 Blame Game
50%
Late Registration 17 Celebration
50%
Graduation 2 Champion
50%
808s & Heartbreak 11 Coldest Winter
50%
Late Registration 8 Crack Music
50%
KIDS SEE GHOSTS 7 Cudi Montage
50%
BULLY 12 White Lines
50%
Donda 1 Donda Chant
50%
KIDS SEE GHOSTS 2 Fire
50%
The Life Of Pablo 11 FML
50%
Singles/Other - FourFiveSeconds
50%
KIDS SEE GHOSTS 4 Freeee
50%
The College Dropout 9 Get Em High
50%
The College Dropout 3 Graduation Day
50%
Yeezus 8 Guilt Trip
50%
My Beautiful Dark Twisted Fantasy 10 Hell Of A Life
50%
BULLY 10 Highs And Lows
50%
Donda 5 Hurricane
50%
Yeezus 3 I Am A God
50%
The Life Of Pablo 9 I Love Kanye
50%
The College Dropout 1 Intro
50%
ye 1 I Thought About Killing You
50%
BULLY 17 Last Breath
50%
The College Dropout 21 Last Call
50%
Singles/Other - Lift Yourself
50%
My Beautiful Dark Twisted Fantasy 12 Lost In The World
50%
808s & Heartbreak 5 Love Lockdown
50%
Cruel Summer 3 Mercy
50%
Donda 14 Moon
50%
The College Dropout 8 Never Let Me Down
50%
KIDS SEE GHOSTS 5 Reborn
50%
808s & Heartbreak 1 Say You Will
50%
Late Registration 5 Skit 1
50%
Late Registration 12 Skit 2
50%
Late Registration 15 Skit 3
50%
Late Registration 18 Skit 4
50%
My Beautiful Dark Twisted Fantasy 7 So Appalled
50%
808s & Heartbreak 8 Street Lights
50%
Late Registration 1 Wake Up Mr West
50%
The Life Of Pablo 10 Waves
50%
My Beautiful Dark Twisted Fantasy 13 Who Will Survive In America
50%
The College Dropout 10 Workout Plan
50%
Donda 12 24
38%
The Life Of Pablo 16 30 Hours
38%
KIDS SEE GHOSTS 3 4th Dimension
38%
DONDA 2 12 530
38%
Late Registration 11 Addiction
38%
Vultures 2 Back To Me
38%
BULLY 15 Beauty And The Beast
38%
Donda 10 Believe What I Say
38%
Donda 25 Come To Life
38%
BULLY 16 Damn
38%
Watch The Throne 14 Ham
38%
BULLY 5 Punch Drunk
38%
Singles/Other - Wash Us In The Blood
38%
Cruel Summer 12 Dont Like
38%
The Life Of Pablo 18 Facts (Charlie Heat Version)
38%
The Life Of Pablo 19 Fade
38%
The Life Of Pablo 8 Freestyle 4
38%
JESUS IS KING 8 God Is
38%
Late Registration 29 Gone
38%
The Life Of Pablo 7 Highlights
38%
Singles/Other - I Love It
38%
Yeezus 6 Im In It
38%
DONDA 2 4 Keep The Flowers
38%
Late Registration 20 Late
38%
Watch The Throne 2 Lift Off
38%
The College Dropout 17 Lil Jimmy Skit
38%
Donda 26 No Child Left Behind
38%
ye 5 No Mistakes
38%
Donda 8 Ok Ok
38%
The Life Of Pablo 12 Real Friends
38%
Donda 13 Remote Control
38%
The College Dropout 15 School Spirit
38%
JESUS IS KING 2 Selah
38%
Yeezus 9 Send It Up
38%
The Life Of Pablo 15 Silver Surfer Intermission
38%
BULLY 2 This A Must
38%
DONDA 2 1 True Love
38%
808s & Heartbreak 4 Amazing
25%
The College Dropout 13 Breathe In Breathe Out
25%
Late Registration 10 Bring Me Down
25%
DONDA 2 11 City Of Gods
25%
808s & Heartbreak 9 Bad News
25%
Watch The Throne 11 Made In America
25%
Vultures 16 River
25%
DONDA 2 15 Suzy
25%
Watch The Throne 8 Welcome To The Jungle
25%
BULLY 6 Whatever Works
25%
Vultures 6 Do It
25%
JESUS IS KING 1 Every Hour
25%
The Life Of Pablo 5 Feedback
25%
KIDS SEE GHOSTS 1 Feel The Love
25%
The Life Of Pablo 14 Franks Track
25%
Vultures 3 Fuk Sumn
25%
DONDA 2 9 Happy
25%
Vultures 15 Hoodrat
25%
BULLY 11 I Cant Wait
25%
Watch The Throne 13 Illest Motherfucker Alive
25%
The College Dropout 5 Ill Fly Away
25%
Donda 2 Jail
25%
DONDA 2 5 Jesse
25%
Donda 19 Jesus Lord
25%
Donda 9 Junya
25%
The Life Of Pablo 6 Low Lights
25%
DONDA 2 8 Mr Miyagi
25%
Watch The Throne 10 Murder To Excellence
25%
Late Registration 7 My Way Home
25%
Watch The Throne 6 New Day
25%
Cruel Summer 4 New God Flow
25%
DONDA 2 7 Pablo
25%
Vultures 7 Paid
25%
Vultures 10 Promotion
25%
DONDA 2 14 Scifi
25%
DONDA 2 10 Security
25%
808s & Heartbreak 10 See You In My Nightmares
25%
Vultures 9 Slide
25%
Vultures 1 Stars
25%
Vultures 13 Talking
25%
Watch The Throne 16 The Joy
25%
G.O.O.D Music Fridays 11 The Joy
25%
BULLY 18 This One Here
25%
JESUS IS KING 10 Use This Gospel
25%
JESUS IS KING 7 Water
25%
ye 4 Wouldnt Leave
25%
Singles/Other - XTCY
25%
Vultures 5 Beg Forgiveness
13%
DONDA 2 2 Broken Road
13%
DONDA 2 16 Burn Everything
13%
Singles/Other - Champions
13%
G.O.O.D Music Fridays 8 Christian Dior Denim Flow
13%
DONDA 2 13 City Of Chi
13%
Cruel Summer 10 Creepers
13%
Vultures 21 Dead
13%
Singles/Other - All Day
13%
G.O.O.D Music Fridays 5 G.O.O.D Friday
13%
Singles/Other - Losing Your Mind
13%
Singles/Other - Eazy
13%
JESUS IS KING 6 Everything We Need
13%
Singles/Other - Forever
13%
Donda 3 God Breathed
13%
Watch The Throne 5 Gotta Have It
13%
JESUS IS KING 9 Hands On
13%
Donda 15 Heaven And Hell
13%
Donda 7 Jonah
13%
Donda 17 Keep My Spirit Alive
13%
Donda 23 Lord I Need You
13%
DONDA 2 19 Maintenance
13%
Donda 11 Never Abandon Your Family
13%
Donda 21 New Again
13%
JESUS IS KING 5 On God
13%
Singles/Other - Only One
13%
Vultures 18 Paperwork
13%
Watch The Throne 15 Primetime
13%
Donda 24 Pure Souls
13%
The College Dropout 14 School Spirit Skit 1
13%
The College Dropout 16 School Spirit Skit 2
13%
My Beautiful Dark Twisted Fantasy 14 See Me Now
13%
G.O.O.D Music Fridays 7 So Apalled
13%
Donda 22 Tell The Vision
13%
Watch The Throne 7 Thats My Bitch
13%
Vultures 4 Time Moving Slow
13%
Vultures 11 Vultures
13%
DONDA 2 18 We Did It
13%
Watch The Throne 9 Who Gon Stop Me
13%
Watch The Throne 12 Why I Love You
13%
Singles/Other - Ye Vs. The People
13%
Singles/Other - Alive
0%
Cruel Summer 11 Bliss
0%
G.O.O.D Music Fridays 13 Chain Heavy
0%
Cruel Summer 2 Clique
0%
G.O.O.D Music Fridays 15 Christmas In Harlem
0%
Vultures 17 Forever Rolling
0%
DONDA 2 3 Get Lost
0%
Singles/Other - Impossible
0%
G.O.O.D Music Fridays 14 Dont Look Down
0%
G.O.O.D Music Fridays 9 Dont Stop
0%
DONDA 2 21 First Time In A Long Time
0%
Vultures 19 Fried
0%
Cruel Summer 7 Higher
0%
Vultures 8 Keys To My Life
0%
G.O.O.D Music Fridays 12 Looking For Trouble
0%
DONDA 2 20 Lord Lift Me Up
0%
G.O.O.D Music Fridays 6 Lord Lord Lord
0%
DONDA 2 17 Louie Bags
0%
Vultures 20 Problematic
0%
G.O.O.D Music Fridays 3 Runaway Love
0%
Cruel Summer 8 Sin City
0%
G.O.O.D Music Fridays 10 Take One For The Team
0%
Cruel Summer 5 The Morning
0%
Cruel Summer 9 The One
0%
DONDA 2 6 Too Easy
0%
Cruel Summer 1 To The World
0%
Donda 20 Up From The Ashes
0%
No matching quizzes found
Score Distribution
Percent of People with Each Score
Percentile by Number Answered
Your Score History
You have not taken this quiz